| 000 | 00841nab a2200253 u 4500 | ||
|---|---|---|---|
| 001 | 10147 | ||
| 003 | HDC | ||
| 007 | cr bn ---aaaaa | ||
| 008 | 210203c9999 |r|nos 0 a eng d | ||
| 040 | _aHDC | ||
| 100 |
_aPaari, S. Vell _eauthor _910368 |
||
| 245 | 0 |
_aSedition Act or Stupidity Act? / by _cS. Vell Paari |
|
| 260 |
_a[no place] : _b[publisher not identified], _c[no year] |
||
| 336 |
_atext _2rdacontent |
||
| 337 |
_acomputer _2rdamedia |
||
| 338 |
_aonline resource _2rdacarrier |
||
| 650 |
_amuslim consumer _9584 |
||
| 650 |
_aSedition Act _910369 |
||
| 710 | _aThe Malaysian Insider | ||
| 856 | _zRequest full-text at [email protected] | ||
| 942 | _2lcc | ||
| 942 | _cNEWS | ||
| 942 | _kNWSO 000087 | ||
| 999 |
_c7470 _d7470 |
||